Sports Quiz

Random Sports Quiz

Top XIs: Ligue 2 (2013-14) Quiz Stats

Quiz not verified by Sporcle

Also try: Indy 500 Winners
Challenge
Share
Tweet
Embed
Score 0/220 Timer 20:00
0 Plays Today
Club Player % Correct
Stade Brestois 29Ismaël Traoré
80%
Angers SCOIsmaël Keïta
60%
AJ AuxerreAdama Coulibaly
60%
AJ AuxerreFrédéric Sammaritano
60%
CA BastiaMamadou Camara
60%
Stade Brestois 29Ousmane Coulibaly
60%
Dijon FCOJulio Tavares
60%
FC Istres Ouest ProvenceNaby Keïta
60%
Le Havre ACZargo Touré
60%
Troyes ACBenjamin Nivet
60%
Angers SCOGrégory Malicki
40%
Angers SCORomain Thomas
40%
Angers SCOArnold Bouka Moutou
40%
CA BastiaAlassane N'Diaye
40%
Stade Brestois 29Simon Falette
40%
Stade Brestois 29Bruno Grougi
40%
US Créteil-LusitanosCheikh Ndoye
40%
Dijon FCOOusseynou Cissé
40%
FC Istres Ouest ProvenceCheick Diarra
40%
Nîmes OlympiqueOusmane Cissokho
40%
Chamois Niortais FCFlorian Martin
40%
Tours FCBryan Bergougnoux
40%
Troyes ACDenis Petrić
40%
Angers SCOGaël Angoula
20%
Angers SCODjibril Konaté
20%
Angers SCORayan Frikeche
20%
Angers SCOVincent Manceau
20%
AC Arles-AvignonLudovic Butelle
20%
AC Arles-AvignonGaël Givet
20%
AC Arles-AvignonTéji Savanier
20%
AC Arles-AvignonLivio Nabab
20%
Stade Brestois 29Alexis Thébaux
20%
Stade Brestois 29Manuel Perez
20%
SM CaenJean-Jacques Pierre
20%
SM CaenN'Golo Kanté
20%
SM CaenNicolas Seube
20%
SM CaenMathieu Duhamel
20%
Clermont Foot 63Damien Da Silva
20%
US Créteil-LusitanosBoris Mahon
20%
US Créteil-LusitanosChristophe Diedhiou
20%
Dijon FCOBenjamin Lecomte
20%
Dijon FCOZakaria Diallo
20%
Dijon FCOCédric Varrault
20%
Dijon FCOJohan Gastien
20%
Dijon FCORomain Amalfitano
20%
Dijon FCORomain Philippoteaux
20%
Stade LavalloisGaëtan Belaud
20%
Stade LavalloisMalik Couturier
20%
Le Havre ACRomain Saïss
20%
Le Havre ACTristan Dingomé
20%
RC LensAlaeddine Yahia
20%
RC LensAhmed Kantari
20%
RC LensPablo Chavarría
20%
FC MetzJohann Carrasso
20%
AS Nancy-LorraineFrançois Bellugou
20%
AS Nancy-LorraineThomas Mangani
20%
AS Nancy-LorraineAlexandre Cuvillier
20%
Nîmes OlympiqueJérémy Cordoval
20%
Chamois Niortais FCQuentin Bernard
20%
Chamois Niortais FCMouhamadou Diaw
20%
Tours FCThomas Fontaine
20%
Troyes ACStéphane Darbion
20%
Troyes ACYoann Court
20%
Troyes ACGhislain Gimbert
20%
Angers SCOLudovic Gamboa
0%
Angers SCORichard Socrier
0%
Angers SCOMohamed Yattara
0%
AC Arles-AvignonSébastien Cantini
0%
AC Arles-AvignonYunis Abdelhamid
0%
AC Arles-AvignonSteven Fortes
0%
AC Arles-AvignonErwan Quintin
0%
AC Arles-AvignonJulien Cardy
0%
AC Arles-AvignonHugo Rodriguez
0%
AC Arles-AvignonMaurice Dalé
0%
Club Player % Correct
AJ AuxerreDonovan Léon
0%
AJ AuxerreEric Marester
0%
AJ AuxerreWilly Boly
0%
AJ AuxerreJean-Charles Castelletto
0%
AJ AuxerreKarim Djellabi
0%
AJ AuxerreAxel Ngando
0%
AJ AuxerreJamel Aït Ben Idir
0%
AJ AuxerreThomas Monconduit
0%
AJ AuxerreLynel Kitambala
0%
CA BastiaSébastien Lombard
0%
CA BastiaJohann Truchet
0%
CA BastiaClément Fabre
0%
CA BastiaAdrien Monfray
0%
CA BastiaAnthony Salis
0%
CA BastiaSalim Moizini
0%
CA BastiaChristophe Vincent
0%
CA BastiaMichel Moretti
0%
CA BastiaFlorent Marty
0%
Stade Brestois 29Wilfried Moimbé
0%
Stade Brestois 29Diallo Guidileye
0%
Stade Brestois 29Johann Ramaré
0%
Stade Brestois 29Benoît Lesoimier
0%
Stade Brestois 29Nicolas Verdier
0%
SM CaenDamien Perquis
0%
SM CaenJean Calvé
0%
SM CaenMolla Wagué
0%
SM CaenDennis Appiah
0%
SM CaenLaurent Agouazi
0%
SM CaenFayçal Fajr
0%
SM CaenBengali-Fodé Koita
0%
LB ChâteaurouxLandry Bonnefoi
0%
LB ChâteaurouxLoïc Nestor
0%
LB ChâteaurouxDenys Bain
0%
LB ChâteaurouxRémi Fournier
0%
LB ChâteaurouxJohann Obiang
0%
LB ChâteaurouxDavid De Freitas
0%
LB ChâteaurouxLudovic Guerriero
0%
LB ChâteaurouxFlavien Tait
0%
LB ChâteaurouxChristian Kinkela
0%
LB ChâteaurouxChristopher Maboulou
0%
LB ChâteaurouxMaxime Bourgeois
0%
Clermont Foot 63Fabien Farnolle
0%
Clermont Foot 63Cédric Bockhorni
0%
Clermont Foot 63Cédric Avinel
0%
Clermont Foot 63Emmanuel Imorou
0%
Clermont Foot 63Yohan Betsch
0%
Clermont Foot 63Eugène Ekobo
0%
Clermont Foot 63Thibault Moulin
0%
Clermont Foot 63Hugo Vidémont
0%
Clermont Foot 63Idriss Saadi
0%
Clermont Foot 63Yannis Salibur
0%
US Créteil-LusitanosYann Kerboriou
0%
US Créteil-LusitanosJordan Ikoko
0%
US Créteil-LusitanosVincent Di Bartoloméo
0%
US Créteil-LusitanosAugusto
0%
US Créteil-LusitanosIbrahima Seck
0%
US Créteil-LusitanosJean-Michel Lesage
0%
US Créteil-LusitanosImà Andriatsima
0%
US Créteil-LusitanosMarcel Essombé
0%
Dijon FCOPape Paye
0%
Dijon FCOSamuel Souprayen
0%
Dijon FCOFlorin Bérenguer
0%
FC Istres Ouest ProvenceArnaud Balijon
0%
FC Istres Ouest ProvenceFouad Chafik
0%
FC Istres Ouest ProvenceMichaël Bosqui
0%
FC Istres Ouest ProvenceFabien Barrillon
0%
FC Istres Ouest ProvenceVincent Le Goff
0%
FC Istres Ouest ProvenceFlorian Tardieu
0%
FC Istres Ouest ProvenceCyril Jeunechamp
0%
FC Istres Ouest ProvenceJérôme Leroy
0%
FC Istres Ouest ProvenceBagaliy Dabo
0%
Stade LavalloisMike Vanhamel
0%
Stade LavalloisKévin Perrot
0%
Stade LavalloisJordan Adéoti
0%
Club Player % Correct
Stade LavalloisGuillaume Rippert
0%
Stade LavalloisAnthony Robic
0%
Stade LavalloisHassane Alla
0%
Stade LavalloisAnthony Gonçalves
0%
Stade LavalloisAmara Baby
0%
Stade LavalloisChristian Bekamenga
0%
Le Havre ACZacharie Boucher
0%
Le Havre ACJonathan Rivierez
0%
Le Havre ACMaxime Le Marchand
0%
Le Havre ACJérôme Mombris
0%
Le Havre ACWalid Mesloub
0%
Le Havre ACDistel Zola
0%
Le Havre ACAlexandre Bonnet
0%
Le Havre ACMickaël Le Bihan
0%
RC LensAlphonse Aréola
0%
RC LensLoïck Landre
0%
RC LensLudovic Baal
0%
RC LensJean-Philippe Gbamin
0%
RC LensJérôme Le Moigne
0%
RC LensLalaina Nomenjanahary
0%
RC LensDanijel Ljuboja
0%
RC LensYoann Touzghar
0%
FC MetzRomain Métanire
0%
FC MetzJérémy Choplin
0%
FC MetzSylvain Marchal
0%
FC MetzGaëtan Bussmann
0%
FC MetzRomain Rocchi
0%
FC MetzAhmed Kashi
0%
FC MetzKevin Lejeune
0%
FC MetzYeni N'Gbakoto
0%
FC MetzNicolas Fauvergue
0%
FC MetzDiafra Sakho
0%
AS Nancy-LorrainePaul Nardi
0%
AS Nancy-LorraineJoffrey Cuffaut
0%
AS Nancy-LorraineJoël Sami
0%
AS Nancy-LorraineVincent Muratori
0%
AS Nancy-LorraineLossémy Karaboué
0%
AS Nancy-LorraineThomas Ayasse
0%
AS Nancy-LorraineBenjamin Jeannot
0%
AS Nancy-LorraineBenjamin Moukandjo
0%
Nîmes OlympiqueCyrille Merville
0%
Nîmes OlympiqueBenoît Poulain
0%
Nîmes OlympiqueRomain Sartre
0%
Nîmes OlympiqueAurélien Boche
0%
Nîmes OlympiqueNenad Kovačević
0%
Nîmes OlympiquePierre Bouby
0%
Nîmes OlympiqueRiad Nouri
0%
Nîmes OlympiqueVincent Gragnic
0%
Nîmes OlympiqueSamir Benmeziane
0%
Chamois Niortais FCPaul Delecroix
0%
Chamois Niortais FCTristan Lahaye
0%
Chamois Niortais FCFrédéric Bong
0%
Chamois Niortais FCNicolas Pallois
0%
Chamois Niortais FCJimmy Roye
0%
Chamois Niortais FCDjiman Koukou
0%
Chamois Niortais FCDavid Fleurival
0%
Chamois Niortais FCEmiliano Sala
0%
Tours FCBenjamin Leroy
0%
Tours FCFousseni Diawara
0%
Tours FCLéo Schwechlen
0%
Tours FCSamuel Bouhours
0%
Tours FCXavier Chavalerin
0%
Tours FCJulien Cetout
0%
Tours FCBilly Ketkeophomphone
0%
Tours FCAndy Delort
0%
Tours FCChristian Kouakou
0%
Troyes ACMaxime Colin
0%
Troyes ACMatthieu Saunier
0%
Troyes ACRincón
0%
Troyes ACLionel Carole
0%
Troyes ACQuentin Othon
0%
Troyes ACGuillaume Lacour
0%

You're not logged in!

Compare scores with friends on all Sporcle quizzes.
Join for Free
OR
Log In

You Might Also Like...

Show Comments

Extras

Top Quizzes Today


Score Distribution

Your Account Isn't Verified!

In order to create a playlist on Sporcle, you need to verify the email address you used during registration. Go to your Sporcle Settings to finish the process.

Report this User

Report this user for behavior that violates our Community Guidelines.

Details: